NLSUI OPAC header image

Marriage & divorce / (Record no. 14031)

MARC details
000 -LEADER
fixed length control field 00998nam a2200337 a 4500
001 - CONTROL NUMBER
control field 4976153
005 - DATE AND TIME OF LATEST TRANSACTION
control field 20260411041828.0
008 - FIXED-LENGTH DATA ELEMENTS--GENERAL INFORMATION
fixed length control field 970313s1996 ii b 001 0 eng
010 ## - LIBRARY OF CONGRESS CONTROL NUMBER
LC control number 97900982
020 ## - INTERNATIONAL STANDARD BOOK NUMBER
International Standard Book Number 8171770614
020 ## - INTERNATIONAL STANDARD BOOK NUMBER
International Standard Book Number 9788171770618
025 ## - OVERSEAS ACQUISITION NUMBER
Overseas acquisition number I-E-97-900982; 77-13
035 ## - SYSTEM CONTROL NUMBER
System control number 4976153
040 ## - CATALOGING SOURCE
Original cataloging agency DLC
Transcribing agency DLC
042 ## - AUTHENTICATION CODE
Authentication code lcode
043 ## - GEOGRAPHIC AREA CODE
Geographic area code a-ii---
082 ## - DEWEY DECIMAL CLASSIFICATION NUMBER
Classification number 346.0166 SAH
100 1# - MAIN ENTRY--PERSONAL NAME
Personal name Saha, Amar Nath.
245 10 - TITLE STATEMENT
Title Marriage & divorce /
Statement of responsibility, etc. A.N. Saha.
250 ## - EDITION STATEMENT
Edition statement 5th ed.
260 ## - PUBLICATION, DISTRIBUTION, ETC.
Place of publication, distribution, etc. Calcutta :
Name of publisher, distributor, etc. Eastern Law House,
Date of publication, distribution, etc. 1996.
300 ## - PHYSICAL DESCRIPTION
Extent 85, 1065 p. ;
Dimensions 25 cm.
365 ## - TRADE PRICE
Price amount Rs. 600
504 ## - BIBLIOGRAPHY, ETC. NOTE
Bibliography, etc. note Includes bibliographical references and index.
650 #0 - SUBJECT ADDED ENTRY--TOPICAL TERM
Topical term or geographic name entry element Marriage law
Geographic subdivision India.
650 #0 - SUBJECT ADDED ENTRY--TOPICAL TERM
Topical term or geographic name entry element Divorce
General subdivision Law and legislation
Geographic subdivision India.
906 ## - LOCAL DATA ELEMENT F, LDF (RLIN)
a 7
b cbc
c origode
d 2
e ncip
f 19
g y-gencatlg
942 ## - ADDED ENTRY ELEMENTS (KOHA)
Source of classification or shelving scheme Dewey Decimal Classification
Koha item type BOOKs
Holdings
Withdrawn status Lost status Damaged status Not for loan Home library Current library Shelving location Date acquired Cost, normal purchase price Total Checkouts Full call number Barcode Date last seen Price effective from Koha item type Public note
        . .   30.05.2017 1300.00   346.0166 SAH-1 14325 30.05.2017 30.05.2017 BOOKs Price for the entire Set
        . . NAB Compactor 30.05.2017 1300.00   346.0166 SAH-2 14326 30.05.2017 30.05.2017 BOOKs Price for the entire Set
        . . NAB Compactor 30.05.2017 1300.00   346.0166 SAH-3 14327 30.05.2017 30.05.2017 BOOKs Price for the entire Set